000 00301nam a22001337a 4500
008 181122b xxu||||| |||| 00| 0 eng d
020 _a9780226817095
041 _aeng
080 _29 th
_a941
100 _a16
101 _aHIS
245 _a2002 tO The History
_cTurner..R
942 _2udc
_cBK
999 _c52395
_d52395